| 000 | 00885nam a2200337Ia 4500 | ||
|---|---|---|---|
| 005 | 20260514124401.0 | ||
| 008 | 008 261405s9999 xx 000 0 eng d | ||
| 037 | _aThesis | ||
| 040 | _aCRL | ||
| 040 | _beng | ||
| 040 | _cCRL | ||
| 041 | _2eng | ||
| 041 | _aeng | ||
| 084 | _qCRL | ||
| 100 |
_aSharma Dr.Kartikeya _91239744 |
||
| 245 | 0 | _aEvaluation of the Diagnostic Accuracy of Eight Reported Clinical Scoringh Systems in the Diagnosis of Acute Appendicitis. | |
| 260 | _aDelhi | ||
| 260 | _bUniversity of Delhi | ||
| 260 | _c2015 | ||
| 300 | _a66p. | ||
| 502 | _bPh.D. | ||
| 502 | _cUniversity of Delhi | ||
| 502 | _d2015 | ||
| 541 | _oThesis | ||
| 650 | _aGeneral Surgery | ||
| 700 |
_aDr Monisha Choudhury _91239745 |
||
| 700 |
_aDr.Shajit Thomas _91239746 |
||
| 710 |
_aGeneral Surgery _91239711 |
||
| 942 | _cTH | ||
| 999 |
_c1851782 _d1851782 |
||